महादान/ (Record no. 212534)

MARC details
000 -LEADER
fixed length control field 00777nam a22001817a 4500
005 - DATE AND TIME OF LATEST TRANSACTION
control field 20250724114328.0
010 ## - LCCN (DPL NO)
LC control number HIN-102241
020 ## - INTERNATIONAL STANDARD BOOK NUMBER
Terms of availability 400.00
035 ## - SYSTEM CONTROL NUMBER
System control number HN-102287
037 ## - SOURCE OF ACQUISITION
Source of stock number/acquisition DBAD
100 ## - MAIN ENTRY--PERSONAL NAME
Personal name कालिया, बी. डी.
245 ## - TITLE STATEMENT
Title महादान/
Statement of responsibility, etc बी. डी. कालिया
250 ## - EDITION STATEMENT
Edition statement प्रथम
260 ## - PUBLICATION, DISTRIBUTION, ETC. (IMPRINT)
Place of publication, distribution, etc पंचकुला
Name of publisher, distributor, etc खुशबू पब्लिकेशंस एंड डिस्ट्रीब्यूटर्स
Date of publication, distribution, etc 2023
270 ## - ADDRESS
Address 419, सेक्टर 12, पंचकुला, हरयाणा
City पंचकुला
Postal code 134112
Telephone number 7087177419
-- 9876141912
300 ## - PHYSICAL DESCRIPTION
Extent 138 पृ.
Dimensions 20.8 सेमी (अजिल्द )
942 ## - ADDED ENTRY ELEMENTS (KOHA)
Source of classification or shelving scheme Dewey Decimal Classification
Item type Hindi Books
Classification part 824
Call number suffix कालिया
Holdings
Withdrawn status Lost status Not for loan Collection code Home library Current library Date acquired Source of acquisition Cost, normal purchase price Full call number Barcode Copy number Cost, replacement price Koha item type
      Non-fiction Bawana Bawana 24/07/2025 DBAD 400.00 824 कालिया HN-102287 1 400.00 Hindi Books

© Delhi Public Library
Hit Counter
free hit counter